000 00527nam a2200193 i 4500
001 91976
003 ES-MaACL
005 20230906180852.0
007 t|
008 050311s1990 sp ||||1| spa d
020 _a84-309-1830-2
080 _a164
100 1 _aJansana Ferrer, Ramón.
_966052
245 1 4 _aUna introducción a la lógica modal /
_cRamón Jansana.
260 _aMadrid :
_bTecnos,
_c[1990]
300 _a228 p. ;
_c22 cm.
650 4 _aModalidad (Lógica)
_915122
852 _aES-MaACL
_jE-10808
_bR.135621
999 _c91976
_d91976